Retos de la articulación institucional para la reparación de víctimas (Registro nro. 6774)

Detalles MARC
000 -LEADER
fixed length control field 01636naa a2200265 a 4500
003 - CONTROL NUMBER IDENTIFIER
control field OSt
005 - DATE AND TIME OF LATEST TRANSACTION
control field 20200803115641.0
008 - FIXED-LENGTH DATA ELEMENTS--GENERAL INFORMATION
fixed length control field 160914s2016 ck ad gr 000 0 spa d
020 ## - INTERNATIONAL STANDARD BOOK NUMBER
International Standard Book Number 9789587496376
040 ## - CATALOGING SOURCE
Original cataloging agency CO-BoUCM
Transcribing agency CO-JMCR
041 0# - LANGUAGE CODE
Language code of text/sound track or separate title spa
082 04 - DEWEY DECIMAL CLASSIFICATION NUMBER
Classification number 340.115 /
Item number N718r
Edition number 23
100 1# - MAIN ENTRY--PERSONAL NAME
Personal name Niño Benavides, María Victoria,
Relator term autora
9 (RLIN) 80140
245 10 - TITLE STATEMENT
Title Retos de la articulación institucional para la reparación de víctimas
Remainder of title ¿es la restitución de tierras un incentivo para el retorno en la región de Urabá?
Statement of responsibility, etc. María Victoria Niño Benavides
260 ## - PUBLICATION, DISTRIBUTION, ETC.
Place of publication, distribution, etc. Bogotá (Colombia) :
Name of publisher, distributor, etc. Grupo Editorial Ibañez :
-- Club de Abogados,
Date of publication, distribution, etc. 2016.
300 ## - PHYSICAL DESCRIPTION
Extent 105 páginas :
Other physical details ilustraciones, gráficas a blanco y negro ;
Dimensions 23 cm.
504 0# - BIBLIOGRAPHY, ETC. NOTE
Bibliography, etc. note Bibliografía: páginas 93-101.
505 ## - FORMATTED CONTENTS NOTE
Formatted contents note Preguntas de investigación -- Objetivo general -- Objetivos específicos -- Antecedentes y desarrollo del marco constitucional y legal para el diseño institucional -- Diseño institucional para la atención y reparación a víctimas -- Estudio de caso: región del Urabá Antioqueño
520 0# - SUMMARY, ETC.
Summary, etc. Con el propósito de hacer un acompañamiento efectivo a las víctimas del conflicto armado colombiano en el camino a la reparación integral que establece la Ley 14458 de 2011, el Estado Colombiano a creado distintos mecanismos, entre ellos: la restitución de tierras y el retorno efectivo.
650 04 - SUBJECT ADDED ENTRY--TOPICAL TERM
Topical term or geographic name entry element Tenencia de la tierra
General subdivision Legislación
9 (RLIN) 80141
650 04 - SUBJECT ADDED ENTRY--TOPICAL TERM
Topical term or geographic name entry element Reparación (Justicia penal)
Geographic subdivision Colombia
9 (RLIN) 80142
650 04 - SUBJECT ADDED ENTRY--TOPICAL TERM
Topical term or geographic name entry element Víctimas de terrorismo
Geographic subdivision Colombia
9 (RLIN) 80143
690 #0 - LOCAL SUBJECT ADDED ENTRY--TOPICAL TERM (OCLC, RLIN)
Topical term or geographic name as entry element Derecho constitucional
9 (RLIN) 12725
942 ## - ADDED ENTRY ELEMENTS (KOHA)
Koha item type Books
Source of classification or shelving scheme Dewey Decimal Classification
Existencias
Withdrawn status Lost status Source of classification or shelving scheme Damaged status Not for loan Home library Current library Shelving location Date acquired Source of acquisition Total Checkouts Full call number Barcode Date last seen Copy number Price effective from Koha item type
    Dewey Decimal Classification     Biblioteca Pública José María del Castillo y Rada Biblioteca Pública José María del Castillo y Rada General Stacks 04/15/2018 Donación   340.115 / N718r 201809934 05/16/2024 Ej.1 04/15/2018 Books